000 00997nam a2200301Ia 4500
003 OSt
005 20221007125529.0
006 a|||||r|||| 00| 0
007 ta
008 221006b |||||||| |||| 00| 0 eng d
020 _a0716743396 (hbd)
_c3589.31
024 _a2225
037 _b97, 23/07/2004, Ashutosh Technical Books
_cTextual
040 _aCDL
_cCDL
_beng
041 _2eng
_aeng
082 _aE9G, P0;P5 Carc
100 _aNelson David L
_9393536
245 0 _aLehninger principles of biochemistry
_b Cox Michael M
250 _a5
260 _aNew
_bYork W H Freeman and Co.
_c2005
300 _axxv, 1119p.
_ccm.
500 _aGlossary G1-G17p.; Appendix A-B, A11-A3p + AS1-AS21p.; Index I1-I42p
650 _a Biocheistry
_9722076
650 _aChemistry
700 _a Cox Michael M
_9393537
942 _hE9G, P0;P5 Carc
_cTEXL
_2CC
999 _c1215441
_d1215441